Great expectations (Record no. 4944)

000 -LEADER
fixed length control field 00461 a2200169 4500
020 ## - INTERNATIONAL STANDARD BOOK NUMBER
International Standard Book Number 0-14-036681-4
020 ## - INTERNATIONAL STANDARD BOOK NUMBER
International Standard Book Number 0-14-036681-4
040 ## - CATALOGING SOURCE
Original cataloging agency DLC
Language of cataloging English
082 #4 - DEWEY DECIMAL CLASSIFICATION NUMBER
Classification number 823.8
100 1# - MAIN ENTRY--PERSONAL NAME
Personal name Dickens, Charles,
245 10 - TITLE STATEMENT
Title Great expectations
Statement of responsibility, etc. Charles Dickens ; abridged by Linda Jennings.
260 ## - PUBLICATION, DISTRIBUTION, ETC.
Place of publication, distribution, etc. London :
Name of publisher, distributor, etc. Puffin,
Date of publication, distribution, etc. 1995.
300 ## - PHYSICAL DESCRIPTION
Extent 417 p. ;
Dimensions 20 cm.
490 0# - SERIES STATEMENT
Series statement Puffin classics
700 1# - ADDED ENTRY--PERSONAL NAME
Personal name Jennings, Linda M.
Dates associated with a name 1937-
942 ## - ADDED ENTRY ELEMENTS (KOHA)
Koha item type Book
Call number prefix 823.8 DIC
Source of classification or shelving scheme
Holdings
Withdrawn status Lost status Damaged status Not for loan Collection code Permanent Location Current Location Shelving location Date acquired Source of acquisition Cost, normal purchase price Total Checkouts Total Renewals Full call number Barcode Date last seen Date last checked out Price effective from Koha item type
          Central Library (CL) Central Library (CL) General Stacks 04/16/2003 Saeed Book Bank 89.10 4 7 823.8 DIC SEECS003347 02/10/2026 01/02/2020 01/05/2017 Book
© 2023 Central Library, National University of Sciences and Technology. All Rights Reserved.